000 00674nam a22001937a 4500
005 20251108164231.0
008 250721s9999 xx 000 0 ara d
082 1 4 _a786.9707/محم
100 1 _aسليمان، محمد شرف الدين
245 1 0 _aدراسة الأكورديون للشعب الموسيقية بمعاهد المعلمين و المعلمات العامة :
_bمقرر السنوات الثلاث /
264 1 _aالقاهره :
_c[19-].
300 _a140ص
650 1 7 _aالأكورديون
650 1 7 _aالدراسات
650 1 7 _aالتدريس
700 1 _aعلي، محمد شعبان محمد
942 _2ddc
_cBK
999 _c7027
_d7027